000 00611nas a2200217 4500
001 BR0800693
003 BR-BrBNA
005 20231205111536.0
007 ta
008 230509b bl.|||p| |||| 00| 00por d
040 _aBR-BrBNA
_bpor
_cBiblioteca Nacional de Agricultura
041 _a(Pt)
072 _aL70; L10
100 1 _aBriquet Júnior, R.
245 1 _aA questão das fêmeas provadas
650 _aVACA LEITEIRA
650 _aGENÉTICA
773 0 _tVeterinária (Brazil)
_x
_g1968, v. 21(Special Number) p. 16-17
_wBR0800693
909 _a202311
_bLúcia
_c55
_dLúcia Elande
942 _2AGRIS
_n0
_cANA
999 _c193242
_d193242